000 00503nam a2200181Ia 4500
005 20250508153056.0
008 008 250505s9999 xx 000 0 eng d
037 _aTextual
040 _aFEDL
_beng
_cFEDL
041 _aeng
_2eng
084 _a621.942, FOM
_qFEDL
100 _aFomin S
245 0 _aHandbook for lathe operators and foremen
260 _aMoscow
_bForeign Languages Publishing House
300 _a265p
942 _cTEXL
_h621.942, FOM
999 _c1340549
_d1340549